Ponencias : (resúmenes).
Guardado en:
| Autores Corporativos: | , |
|---|---|
| Formato: | Libro |
| Idioma: | Spanish |
| Publicado: |
Buenos Aires :
Centro de Estudiantes de Ciencias Económicas,
[1988]
|
| Materias: | |
| Etiquetas: |
Agregar Etiqueta
Sin Etiquetas, Sea el primero en etiquetar este registro!
|
| LEADER | 00922nam a22001935 4500 | ||
|---|---|---|---|
| 001 | EAD.ead002313 | ||
| 008 | 080718s1988####ag############100#0#spa#d | ||
| 005 | 20100914103009.0 | ||
| 245 | 1 | 0 | |a Ponencias : |b (resúmenes). |
| 260 | |a Buenos Aires : |b Centro de Estudiantes de Ciencias Económicas, |c [1988] | ||
| 300 | |a [93] p. ; |c 33 cm. | ||
| 500 | |a Jornadas organizadas por el CIHES (Centro de Investigaciones de Historia Económica y Social) y la Asociación Argentina de Historia Económica. | ||
| 111 | 2 | |a Jornadas Nacionales de Historia Económica |n (9a. : |d 1988 : |c Buenos Aires) | |
| 710 | 2 | |a Universidad de Buenos Aires. |b Facultad de Ciencias Económicas. |b Centro de Investigaciones de Historia Económica y Social. | |
| 082 | 0 | 4 | |a 330.982 |2 21 |
| 650 | 7 | |a Historia económica. |2 unbist | |
| 651 | 7 | |a Argentina |2 unbist | |
| 650 | 7 | |a Conferencias. |2 unbist | |
| 859 | |a AR-BaBDC |b BIB. ADMINISTRACION GABCOOP - Libros |h 330.982 |i J769-1 |p g00988 | ||
